000 00635nam a2200205Ia 4500
003 OSt
005 20250925112605.0
008 220926b |||||||| |||| 00| 0 eng d
037 _cReference
040 _aRTL
_cRTL
_beng
041 _2eng
_aeng
084 _aR1 K1/SC
_qRTL
100 _aSchlz Heinrich
_9371228
245 0 _aConcise history of logic.
260 _aNew
_bYork Philosophical Library
_c1961
300 _a140 p.
_ccm.
_bincludes bibliographical references and index.
700 _aLeiderker Kurl F.
_eTranslator.
_9846534
942 _hR1, K1/SC
_cREF
_2CC
_n0
999 _c691451
_d691451